000 01104nam0a22002771 4500
001 rc\3042201
005 20260407071545.0
035 _a(NLR Aleph) 007182347
090 _a7454329
_c7454329
100 _a20111006d1944 u y0rusy50 ca
101 0 _arus
102 _aRU
105 _ay z |||||
200 1 _aКатегория пассивности в английском языке
_e[Тезисы доклада]
_fВ. Ярцева
_gНауч. сессия, посвящ. 125-летию Ленингр. ун-та
210 _a[Ленинград]
_cБ. и.
_d[1944]
_g[тип. им. Евг. Соколовой]
215 _a[1] с.
_d22 см
300 _aБез обл. и тит. л.
700 1 _4070
_7ca
_8rus
_aЯрцева
_bВ. Н.
_cд-р филол. наук
_f1906-1999
_gВиктория Николаевна
_3RU\NLR\AUTH\770280542
_92652509
801 0 _aRU
_bNLR
_gpsbo
801 1 _aRU
_bELAR
_2rusmarc
852 _aNLR
_jПр50 Г-3/3(109)
942 _cBOOK
945 _aРоссийская национальная библиотека
980 _aNB
980 _aBV